1814 1867 1401 1302 1509 1573 1508 1828 1162 1084 1426 1847 1716 1264 1148 1818 1691 1052 1375 1951 1945 1720 1685 1422 1348 1076 1184 1926 1216 1245 1095 1326 1748 1878 1734 1007 1350 1131 1275 1883 1060 1398 1882 1144 1512 1462 1453 1393 1166 1323 1098 1580 1059 1483 1265 1959 1324 1570 1680 1304 1104 1800 1554 1758 1464 1621 1413 1010 1912 1807 1860 1502 1121 1391 1786 1995 1460 1448 1989 1735 1286 1014 1556 1171 1520 1645 1743 1564 1217 1667 1650 1894 1455 1124 1547 1897 1214 1533 1937 BCNSPRNW ULIB Ver.6.0+V

เปลี่ยนเป็นภาษาไทย

Change to English
 แสดงรายละเอียดบรรณานุกรม
  กลับหน้าหลัก

Brief Record : Get Marc (ISO 2709) : E-mail record : QR code < ปิดหน้าต่าง
LEADER : 00000nam 2200000uu 4500
001    13399114412
003     ULIB
008    120328s||||||||th 000 0 tha d
020    ^a9786167134468
050  4 ^aBQ4190^bว111ธ
100 0  ^aว. วชิรเมธี
245 10 ^aธรรมะมหาสนุก ชุด ธรรมะมาดี /^cว. วชิรเมธี
250    ^aพิมพ์ครั้งที่ 1
260    ^aกรุงเทพฯ :^bสุขสว่าง,^c2553
300    ^a128 หน้า :^bภาพประกอบสี ;^c17 ซม.
650  4 ^aการดำเนินชีวิต
650  4 ^aธรรมะ
650  4 ^aการ์ตูน
945    ^p119^l0^i031514
945    ^p119^l0^i031515
995    ^aทศพร
999 ^a ทศพร
รายการนี้ยังไม่มีแท็ก
คุณยังไม่ได้ล็อกอิน คุณสามารถมีกิจกรรมร่วมกับเว็บไซต์ได้ แต่ต้องล็อกอินก่อน ::
  ล็อกอิน

รายการสื่อสารสนเทศ

ลำดับที่ ประเภท เลขเรียก/บาร์โค้ด สถานที่ สถานะ
- ไม่พบข้อมูล -

รายการใกล้เคียง
    ผู้แต่ง [ว. วชิรเมธี]

    หัวเรื่อง [การดำเนินชีวิต]
    หัวเรื่อง [ธรรมะ]
    หัวเรื่อง [การ์ตูน]

BibComment


ยังไม่เคยถูกคอมเมนท์

คอมเมนท์ทรัพยากรรายการนี้
  คอมเมนท์: ธรรมะมหาสนุก ชุด..


 Copyright 2026. Bcnsprnw @Library